Navrhovanie hydrotechnických štôlní: Dočasné vysokoškolské učebnice, Zväzok 640 /

Gespeichert in:
Bibliographische Detailangaben
Hauptverfasser: Ratkovský, Koloman (Verfasst von), Klepsatel, František, 1935- (Verfasst von)
Format: Buch
Sprache:Slowakisch
Veröffentlicht: Bratislava: SVŠT, 1962
Ausgabe:1. vyd.
Tags: Tag hinzufügen
Keine Tags, Fügen Sie das erste Tag hinzu!

MARC

LEADER 00000nam a22000003a 4500
001 0027675
003 SK-STU
005 20171109140805.7
007 ta
008 171109s ----xo-----e------000-0-----d
040 |a STU  |b slo 
041 0 |a slo  |h slo 
044 |a xo 
100 1 |a Ratkovský, Koloman  |4 aut 
245 1 0 |a Navrhovanie hydrotechnických štôlní:  |p Dočasné vysokoškolské učebnice, Zväzok 640 /  |c aut. Koloman Ratkovský, František Klepsatel 
250 |a 1. vyd. 
260 |a Bratislava:  |b SVŠT,  |c 1962 
300 |a 82 s. 
700 1 |a Klepsatel, František,  |d 1935-  |4 aut  |X 843  |7 A000000843 
996 |b 284V040806  |c V* 43676/S-17  |d Dočasné vysokoškolské učebnice, Zväzok 640 /  |l VVS  |s A  |a 24  |w 0027675_0001